| 000 | 00644nam a22001457a 4500 | ||
|---|---|---|---|
| 082 |
_a894.812 _bJOS/D |
||
| 100 | _aJOSE,JOSEPH ANNAMKUTTY | ||
| 245 | _aDAIVATHINTE CHARANMAR | ||
| 246 |
_aDAIVATHINTE CHARANMAR _bDAIVATHINTE CHARANMAR |
||
| 260 |
_aKERALA _bD C _c2023 |
||
| 300 | _a232 | ||
| 520 | _aDaivathinte Charanmar is a Malayalam book written by RJ, Actor and Motivational Speaker Joseph Annamkutty Jose. Through the book he tries to thank different people who helped him at some point in his life one way or the other. He believes that these people were put into his life by God himself.17 May 2019 | ||
| 650 | _aMEMOIR | ||
| 942 | _cBK | ||
| 999 |
_c8396 _d8396 |
||